LEADER 01838nam 2200529 a 450 001 9910456672003321 005 20200520144314.0 010 $a1-61689-374-5 035 $a(CKB)2550000000035473 035 $a(EBL)3387340 035 $a(SSID)ssj0000531024 035 $a(PQKBManifestationID)12214284 035 $a(PQKBTitleCode)TC0000531024 035 $a(PQKBWorkID)10569340 035 $a(PQKB)10069873 035 $a(MiAaPQ)EBC3387340 035 $a(Au-PeEL)EBL3387340 035 $a(CaPaEBR)ebr10452160 035 $a(OCoLC)923338262 035 $a(EXLCZ)992550000000035473 100 $a20090316d2010 uy 0 101 0 $aeng 135 $aur|n|---||||| 181 $ctxt 182 $cc 183 $acr 200 10$aCity building$b[electronic resource] $enine planning principles for the twenty-first century /$fJohn Kriken with Phil Enquist and Richard Rapaport 210 $aNew York $cPrinceton Architectural Press$d2010 215 $a1 online resource (304 p.) 300 $aDescription based upon print version of record. 311 $a1-56898-881-8 320 $aIncludes bibliographical references and index. 327 $apt. 1. An introduction to city building -- pt. 2. Nine principles for twenty-first century city building -- pt. 3. The city of the future/the future of the city. 606 $aCity planning$xPhilosophy$xHistory$y21st century 608 $aElectronic books. 615 0$aCity planning$xPhilosophy$xHistory 676 $a711/.4 700 $aKriken$b John Lund$f1938-$0970930 701 $aEnquist$b Philip$g(Philip Jerome),$f1952-$0970931 701 $aRapaport$b Richard$0970932 801 0$bMiAaPQ 801 1$bMiAaPQ 801 2$bMiAaPQ 906 $aBOOK 912 $a9910456672003321 996 $aCity building$92206854 997 $aUNINA LEADER 01337nam0 22002891i 450 001 UON00285309 005 20231205103857.890 100 $a20061212d1960 |0itac50 ba 101 $afre 102 $aFR 105 $a|||| 1|||| 200 1 $aDialogues$aRéflexions critiques ; Oeuvres diverses$fNicolas Boileau-Despréaux$gtexte établi et présenté par Charles-H. Boudhors 205 $a 2e ed 210 $aParis$cSociété les Belles Lettres$d1960 215 $a359 p.$d21 cm 410 1$1001UON00285315$12001 $aˆLes ‰textes Français. Collection des Universités de France$1210 $aParis$cSociété les Belles Lettres. 620 $aFR$dParis$3UONL002984 700 1$aBOILEAU$bNicolas$3UONV143019$0444424 702 1$aBOUDHORS$bCharles-H$3UONV164679 712 $aLes Belles Lettres$3UONV245913$4650 801 $aIT$bSOL$c20240220$gRICA 912 $aUON00285309 950 $aSIBA - SISTEMA BIBLIOTECARIO DI ATENEO$dSI Francese III A BOI $eSI SFR790 7 950 $aSIBA - SISTEMA BIBLIOTECARIO DI ATENEO$dSI Francese III A BOI bis $eSI SFR6638 7 bis 996 $aRéflexions critiques ; Oeuvres diverses$91248749 996 $aDialogues$91248748 997 $aUNIOR